The timber of para rubber (Record no. 47750)

MARC details
000 -LEADER
fixed length control field 00373nam a2200133Ia 4500
100 ## - MAIN ENTRY--AUTHOR NAME
Personal name Thomas A V
245 #4 - TITLE STATEMENT
Title The timber of para rubber
260 ## - PUBLICATION, DISTRIBUTION, ETC. (IMPRINT)
Name of publisher Malayan Forester
Year of publication 1953
300 ## - PHYSICAL DESCRIPTION
Number of Pages 217-219
500 ## - GENERAL NOTE
General note Annotated Bibliography on the Utilization of Rubber Wood. No. 21, RRIM
700 ## - ADDED ENTRY--PERSONAL NAME
Personal name Landon F H
942 ## - ADDED ENTRY ELEMENTS (KOHA)
Koha item type Bibliography RLWO
Holdings
Withdrawn status Lost status Damaged status Not for loan Home library Current library Date acquired Serial Enumeration / chronology Koha item type
      Bibliography RRII Library RRII Library 31/12/2021 Volume 16, Issue 4 Bibliography RLWO